Geography Quiz

Random Geography or Show Quiz
Score 0/15 Timer 03:00
4 Plays Today
% Correct
China
94.8%
Egypt
94.2%
Vatican City
94%
Norway
87.2%
Russia
86.7%
United Kingdom
85.6%
Belgium
72.5%
South Africa
72.2%
% Correct
Indonesia
71.4%
Guatemala
66.5%
Australia
58.8%
Luxembourg
57.4%
Turkmenistan
52.5%
San Marino
44.8%
Andorra
35.4%
Remove Ads.
Support Sporcle.
Get the best of Sporcle when you Go Orange. This ad-free experience offers more features, more stats, and more fun while also helping to support Sporcle. Thank you for becoming a member.

You're not logged in!

Compare scores with friends on all Sporcle quizzes.
OR
Log In

Show Comments

Extras

Top Quizzes Today


Score Distribution

Your Account Isn't Verified!

In order to create a playlist on Sporcle, you need to verify the email address you used during registration. Go to your Sporcle Settings to finish the process.

Report this User

Report this user for behavior that violates our Community Guidelines.

Details: